Estadísticas para Squid Craft Games 2 Participantes

Haz click aquí para intentar la prueba.

Estadísticas generales

  • Esta prueba ha sido intentada 3 veces
  • La puntuación promedio es 15 de 199

Estadísticas de respuestas

NúmerosSquid Craft 2% Correcto
127AgenteMaxo
100%
008Ari Gameplays
100%
065Aroyitt
100%
173Auron
100%
018aXoZer
100%
171biyin_
100%
007Carola
100%
016elded
100%
098ElMariana
100%
161Folagor
100%
172Ibai
100%
149Illojuan
100%
056Luzu
100%
168Noni
100%
064Reborn
100%
1588cho
0%
134ADN_QC
0%
078Agustin51
0%
015AlanaLaRana
0%
071Aldo_Geo
0%
011AlecHernandezC
0%
107Alecomeco
0%
166aLexBY11
0%
068Amablitz
0%
178Amouranth
0%
040Ampeterby7
0%
119Amph
0%
198AngieVelasco08
0%
013BarcaGamer
0%
194 | 195Beniju03
0%
039BersGamer
0%
027Betra
0%
110Bobicraftmc
0%
025BoffeGP
0%
099brianeitor2002
0%
160Brunenger
0%
108bSweetyB
0%
140BudCat
0%
124byViruZz
0%
060Caprimint
0%
038Carreraaa
0%
163CH14
0%
111champi14
0%
096Conterstine
0%
075CooLifeGame
0%
037Crisgreen
0%
144Cristinini
0%
047D3stri
0%
190Darizard9
0%
170Deargia
0%
090Delt4Forc3
0%
136DeqiuV
0%
151Desst3
0%
200Diffrent
0%
186Dream
0%
101DUXORETHEY
0%
141DyLantero
0%
002Edurnity
0%
033ElChurches
0%
153ElFedelobo
0%
175ElKomanche
0%
045ElRichMC
0%
014ElSpreen
0%
070ElXocas
0%
196Elyas03
0%
095ElZeein
0%
001E_MasterSensei
0%
138Emikukis
0%
147ErnesBarbeQ
0%
032Eskimalito
0%
130Espe
0%
102FapParaMoar
0%
150Farfadox
0%
041Filisgg
0%
183FoolishGamers
0%
133Gemita
0%
187GeorgeNotFound
0%
046GermanGarmendia
0%
122Germisse
0%
120Goes_x
0%
154Goncho
0%
079gtv_genesis
0%
189Hanahxxrose
0%
020Hasvik
0%
159HITBOXKING
0%
043ILocochon
0%
143Imantado
0%
126Ipandarina
0%
167Jcorko_
0%
132Jelty
0%
156Jhdelacruz777
0%
117Josecristo_
0%
139Josepo_90
0%
164JuanSGuarnizo
0%
083Kajanapalm
0%
118Karchez
0%
112KarlJacobs
0%
129Kidi
0%
157knekro
0%
192Kun Aguero
0%
086LakshartNia
0%
097LarryCabirria
0%
059Latesitoo
0%
104Lenay
0%
148Leviathan
0%
081LitKillah
0%
087LittleRagerGirl
0%
055Llunaclark
0%
184LoserFruit
0%
026Luh
0%
042Maau
0%
116Maaylen
0%
031MaferRocha
0%
049Manucraft
0%
092manutegaming
0%
131MariusOptimus
0%
145MenosTrece
0%
182Mictia00
0%
003Mirandaibanez
0%
010Missa Sinfonia
0%
005Mizterfilip
0%
181Moistcritical
0%
121Moxwdf
0%
088Moyorz_87
0%
114MrKeroro
0%
123MYM_ALKAPONE
0%
067Mymtumtum69
0%
094Natalan
0%
162Neekolulz
0%
105Nepthunie
0%
142NilOjeda
0%
023NimuVT
0%
028Nissaxter
0%
062Noe9977
0%
057Nuvia
0%
054OllieGamerz
0%
035OutConsumer
0%
073Paracetamor
0%
004Patodeaqualand
0%
103Paulettee
0%
199Pelicanger
0%
061Perxitaa
0%
021Pipepunk
0%
191Pokimane
0%
146Pollito_Senpai
0%
077Pujidos_90
0%
113PUVLOO
0%
137Quackity
0%
165Rapturrs
0%
052Renrize
0%
076Reventxz
0%
169Ricoy
0%
019Rioboo
0%
080Rivers_gg
0%
012RobertoCein
0%
029Robleis
0%
089RocioDTA
0%
009Rodezel
0%
050Roier
0%
174Rubius
0%
188Sapnap
0%
152Sarinha_3
0%
017Sekiam
0%
106Shadoune666
0%
006Sherezade
0%
109Silithur
0%
128sirolopez56
0%
085Sofia_Anyway
0%
051SoyPan
0%
066Spursito
0%
074Srcheeto
0%
091Staryuuki
0%
069SugusSusana
0%
058Suzyroxx
0%
185Sylveey
0%
030Tanizen
0%
180Tfue
0%
155TheDaarick28
0%
197TheDonato
0%
135TheGrefg
0%
179TinaKitten
0%
177Tubbo
0%
036tvandeR
0%
072Unicornio
0%
084Vicens
0%
100Vicky Palami
0%
063VioletaG
0%
024Wardsess
0%
048Weferee
0%
115Werlyb
0%
034xCry
0%
093xlightmoonx
0%
176xQc
0%
053xxxthefocusxxx
0%
022Zeiling
0%
125ZellenDust
0%
082Zilverk
0%
044zormanworld
0%

Distribución de puntuación

Porcentaje por número respondido

Porcentaje de gente con cada puntuación

Historial de tus puntuaciones

No has intentado esta prueba.